| 000 | 00798nam a22002057a 4500 | ||
|---|---|---|---|
| 999 |
_c20214 _d20214 |
||
| 003 | AR-CdUCM | ||
| 008 | 190528b ||||| |||| 00| 0 spa d | ||
| 040 |
_aMUNICIPALIDAD PROVINCIAL DEL CUSCO _cBIBLIOTECA MUNICIPAL DEL CUSCO |
||
| 082 |
_a658 / _bEM53 |
||
| 110 |
_aBiblioteca de ACCIÓN PARA EL DESARROLLO _942250 |
||
| 245 | _aLa empresa privada y el estado en el desarrollo / | ||
| 260 |
_aLima : _bP. L. Villanueva, _c1964. |
||
| 300 |
_a58 páginas ; _c2 cm. |
||
| 505 | _aContenido: Diagnóstico de la realidad nacional y posibles objetivos -- Programa de desarrollo y ayuda exterior... | ||
| 650 |
_aRealidad nacional _943944 |
||
| 650 |
_aPerú siglo XX _91357 |
||
| 700 |
_aDe Althaus, Emilio, Amprimo, Natalio y otros (participantes) _942251 |
||
| 942 |
_2ddc _cLIBROS |
||
| 945 | _aAndy | ||